| 000 | 01258cam a2200277 4500 | ||
|---|---|---|---|
| 002 | 8009 | ||
| 008 | 041019n2004 000 0 eng u | ||
| 020 | _a1861266014 | ||
| 035 | _a(Sirsi) u127750 | ||
| 041 | _aeng | ||
| 050 |
_a690.231 _c18 |
||
| 100 | _aDavies, Barry | ||
| 245 | _aConverting old buildings into new homes | ||
| 260 |
_aMarlborough _bCrowood _c2004 |
||
| 300 |
_a192p. _bill. _c26cm. |
||
| 350 | _a16.99 | ||
| 520 | _aAimed at the lay person and property professionals, this book examines all aspects of converting redundant property. Discusses: initial considerations; regulations and approvals, including planning permission, consent and Building Regulations; finance, budgeting and taxation; professional help and advice from surveyors, architects and engineers; the design brief; detailed design of specifics; specifications, tenders and contracts; and project planning, administration and operations on site. Concludes with five case studies. | ||
| 650 | _aBUILDING CONVERSIONS | ||
| 650 | _aEMPTY PROPERTY | ||
| 650 | _aBUILDING ALTERATIONS | ||
| 650 | _aBUILT ENVIRONMENT-BUILDING MAINTENANCE AND REFURBISHMENT | ||
| 650 | _aRESIDENTIAL USE | ||
| 690 |
_aRefurbishment _96264 |
||
| 700 | _aBegg, Nigel | ||
| 942 | _n0 | ||
| 999 |
_c103820 _d103820 |
||